Statistiques concernant shadowhunter personnages-livre

Cliquez ici pour prendre le quiz!

Statistiques générales

  • Ce quiz a été pris 59 fois
  • Le résultat moyen est 27 sur 85

Statistiques - réponses

Personnages% Correct
2Clary Fray, Fairchild
100%
3Alec Ligthwood
98%
1Jace Wayland, Herondale, Morgenstern
98%
4Isabelle Ligthwood
93%
6Magnus Bane
91%
5Simon Lewis
91%
11Valentin Morgenstern
89%
7Max Ligthwood
85%
12Luke Graymark
80%
8Maryse Ligthwood
80%
15Raphael Santiago
72%
9Robert Ligthwood
70%
13Maia Roberts
67%
16Jonathan Christopher Morgenstern
61%
65Tessa Gray
59%
14Camille Belcourt
57%
24Jem Castairs
57%
17Sebastien Verlac
57%
25Will Herondale
52%
21Ragnor Fell
50%
47Emma Castairs
48%
46Julian Blackthorn
48%
67Lilith
46%
45Helen Blackthorn
41%
20Le reine des fées
39%
40Ty Blackthorn
39%
29Gideon Ligthwood
37%
42Mark Blackthorn
37%
31Charlotte Branwell
35%
53Aline Penhallow
33%
61Kit Rook, Herondale
33%
19Meliorn
33%
63Frère Jeremiah
30%
28Gabriel Ligthwood
30%
32Henry Branwell
30%
43Dru Blackthorn
28%
41Livvy Blackthorn
28%
36Sophie Collins
28%
30Cecily Herondale
26%
66Asmodée
24%
34Jessamine Lovelace
24%
18Jordan Kyle
24%
55Malcolm Fade
24%
22Raziel
24%
76Madame Dorothea
22%
37Tatiana Blackthorn
20%
44Tavy Blackthorn
20%
54Annabel Blackthorn
17%
48Cristina Rosales
17%
52Jia Penhallow
17%
51Kieran Kingson
17%
84Lily Chan
17%
35Nathaniel Gray
15%
85Bat Velasquez
13%
27Benedict Ligthwood
13%
39Consul Wayland
13%
83Ella Herondale
13%
64Frère Zachariah
13%
57Arthur Blackthorn
11%
62Ash Morgenstern
11%
26Axel Mortmain
11%
58Diana Wrayburn
11%
49Diego Rosales
11%
77Thomas
11%
56Church
9%
74Maureen Brown
9%
38Woolsey Scott
9%
10Joclyne Fray, Fairchild
7%
73Roi de la cour des ténèbres
7%
23Stephan Heronadale
7%
69Zara Dearborn
7%
50Jaime Rosales
4%
60Johnny Rook
4%
33Soeurs noires
4%
82Aloysius Starweather
2%
79Bridget
2%
72Dane Larkspear
2%
59Gwyn
2%
68Horace Dearborn
2%
70Manuel Villalobos
2%
75présidant Miaou
2%
71Samantha Larkspear
2%
80Tante Harriet
2%
78Agatha
0%
81Alexei de Quincey
0%

Distribution des résultats

Percentile par nombre de réponses

% des personnes avec chaque résultat

Votre développement - résultats

Vous n’avez pas pris ce quiz